000 01058nam a2200253Ia 4500
003 OSt
005 20221005105623.0
006 a|||||r|||| 00| 0
007 ta
008 221004b |||||||| |||| 00| 0 hin d
024 _a15857
037 _bGift, 03/02/2015,
_cTextual
040 _aCRL
_cCRL
_bhin
041 _2hin
_ahin
082 _aND44,9(Y48), 152Q1
100 _aविश्वनाथन, टी. के.
245 0 _aराष्ट्रीय नेताओं का सम्मान संसद परिसर में प्रतिमाएं और चित्र
246 _aRāṣhṭrīya netāoan kā sammān sansad parisar mean pratimāean aur chitra
260 _aनई दिल्ली
_bलोक सभा सचिवालय भारत
_c2011
300 _a302पृ0
_ccm.
650 _aल्थ्ल्त् क्ल्ज्ञ
942 _hND44,9(Y48), 152Q1
_cTEXL
_2cc
999 _c1016373
_d1016373